Osobné financie

Mimoriadna sekcia Trendu. Elektronické bankovníctvo. Vklady v cudzích menách. Investovanie na devízovom trhu. Investície do realít. Hypotekárne úvery. Spotrebné pôžičky. Kartový biznis. Lízing verzus bankový úver. Investície do drahých kovov. Investičné životné poistenie. Poistenie nehnuteľností a d...

Descrizione completa

Salvato in:
Dettagli Bibliografici
Natura: Capitolo di libro
Lingua:slovacco
Soggetti:
Tags: Aggiungi Tag
Nessun Tag, puoi essere il primo ad aggiungerne!!

MARC

LEADER 00000naa a2200000 4500
001 r048679
005 20230921114555.8
041 0 |a slo 
044 |a SK 
245 1 0 |a Osobné financie 
520 |a Mimoriadna sekcia Trendu. Elektronické bankovníctvo. Vklady v cudzích menách. Investovanie na devízovom trhu. Investície do realít. Hypotekárne úvery. Spotrebné pôžičky. Kartový biznis. Lízing verzus bankový úver. Investície do drahých kovov. Investičné životné poistenie. Poistenie nehnuteľností a domácností. Dôchodky. Kapitálový trh. 
610 2 0 |a bankovníctvo elektronické 
610 2 0 |a financie osobné 
610 2 0 |a vklady 
610 2 0 |a trh devízový 
610 2 0 |a investície 
610 2 0 |a nehnuteľnosti 
610 2 0 |a kovy drahé 
610 2 0 |a úver hypotekárny 
610 2 0 |a lízing 
610 2 0 |a úver bankový 
610 2 0 |a poistenie životné investičné 
610 2 0 |a poistenie majetku 
610 2 0 |a dôchodky 
610 2 0 |a trh kapitálový